000
00405nam a22001697a 4500
003
MPLRDC
005
20220104123430.0
008
210129b ||||| |||| 00| 0 eng d
082
_a
411.9 XMFN
100
_a
夏木繁男著; 苏燕谋译
245
_a
五分钟跳绳健身法
_c
250
_a
三版
260
_a
_b
大展出版社
_c
1982
300
_b
平
650
_a
942
_c
BK
_o
411.9 XMFN
999
_c
11386
_d
11376